000 00681nam a22001697a 4500
999 _c126078
_d126078
005 20170301083035.0
008 170209b xxu||||| |||| 00| 0 eng d
050 _aHD77.5D44S27
100 _aKihlberg, Mats (ed.)
_928702
245 _aSarec's first decade
_bSwedish support for research in developing countries- a report with some guidelines for the future
_cby Kihlberg, Mats
260 _aSweden
_bSarce
_c1986
300 _a62p.;
_c24cm.
650 _aSAREC
_xEvaluation
_928703
650 _aEconomic development
_xResearch
_xEvaluation
_zDeveloping countries
_928704
650 _aEconomic assistance, Swedish
_xEvaluation
_zDeveloping countries
_928705
942 _2lcc
_cMONOGRAPH